| 000 | 00865nam a2200277Ia 4500 | ||
|---|---|---|---|
| 001 | 49438 | ||
| 005 | 20230411085959.0 | ||
| 008 | 850925s1977 dr ai 000 0bspa d | ||
| 010 | _a 94230903 | ||
| 035 | _a(OCoLC)ocm12597827 | ||
| 040 |
_aPIT _cPIT _dDLC |
||
| 035 | _a(OCoLC)12597827 | ||
| 043 | _anwdr--- | ||
| 090 |
_aF1939.S4 _bC117c 1977 |
||
| 049 | _aGRAL | ||
| 100 | 1 | _aCabral de Poladura, Atala. | |
| 245 | 1 | 0 |
_aCasa de los Rodrigo de Bastidas : _bapuntes históricos / _cAtala Cabral de Poladura. |
| 260 |
_aSanto Domingo, D.N. : _bEditora del Caribe, _c1977. |
||
| 300 |
_a40, [1] p. : _bill., coat of arms ; _c22 cm. |
||
| 650 | 0 |
_aHistoric buildings _zDominican Republic _zSanto Domingo. |
|
| 600 | 1 | 0 |
_aBastidas, Rodrigo de, _dca. 1460-1527. |
| 600 | 0 | 0 | _aBastidas family. |
| 942 |
_2lcc _cbk |
||
| 946 | _aclperez | ||
| 994 |
_aC0 _bDRFGD |
||
| 999 |
_c110404 _d110404 |
||